Normal view
MARC view
- DAMODARAN [ASWATH]
Entry Personal Name
001 - CONTROL NUMBER
- control field: 35542
003 - CONTROL NUMBER IDENTIFIER
- control field: OSt
005 - DATE AND TIME OF LATEST TRANSACTION
- control field: 20260604101958.0
008 - FIXED-LENGTH DATA ELEMENTS
- fixed length control field: 260604|| aca||aabn | a|a d
040 ## - CATALOGING SOURCE
- Original cataloging agency: OSt
- Transcribing agency: OSt
100 ## - HEADING--PERSONAL NAME
- Personal name: DAMODARAN [ASWATH]
670 ## - SOURCE DATA FOUND
- Source citation: Work cat.: (OSt)8363: DAMODARAN [ASWATH], INVESTMENT VALUATION 4TH ED